[Event "Oberliga Ost A9899"]
[Site "GER"]
[Date "1999.??.??"]
[Round "?"]
[White "Studeny, Steffen"]
[Black "Brueggemann, Joachim"]
[Result "1/2-1/2"]
[WhiteElo "2285"]
[BlackElo "2330"]
[PlyCount "102"]
[EventDate "1998.??.??"]
[Source "www.chesslib.no"]
[SourceDate "2004.05.04"]

1. d4 e6 2. c4 f5 3. Nf3 Nf6 4. g3 Be7 5. Bg2 O-O 6. O-O Qe8 7. Nc3 d6 8. Re1 Qg6 9. e4 Nxe4 10. Nxe4 fxe4 11. Rxe4 Nc6 12. Qe2 Bf6 13. Bd2 e5 14. dxe5 Nxe5 15. Nxe5 Bxe5 16. Bc3 Bxc3 17. bxc3 c6 18. Re1 Bf5 19. Re3 Rad8 20. Qb2 Rd7 21. Qd2 Rdf7 22. f4 h6 23. Qd4 a6 24. a3 Rf6 25. Re7 Bc8 26. Be4 Qg4 27. Kh1 Qh5 28. Qd3 Qc5 29. a4 Bh3 30. Bg2 Bf5 31. Qd4 Qxd4 32. cxd4 R6f7 33. R7e3 g6 34. Kg1 Kg7 35. R1e2 a5 36. d5 c5 37. Rb2 g5 38. fxg5 hxg5 39. Rb6 Rd8 40. Rb5 Rdd7 41. Rxa5 Rde7 42. Rxe7 Rxe7 43. Bf1 Re1 44. Kf2 Ra1 45. Rb5 Kf6 46. Rxb7 Rxa4 47. Rb2 g4 48. Rd2 Ra1 49. Re2 Rc1 50. Re3 Rc2+ 51. Be2 Kg5 1/2-1/2

[Event "RLP Team Ch 9899"]
[Site "?"]
[Date "1999.02.21"]
[Round "7.7"]
[White "Abhau Jochen"]
[Black "Bohn Thomas"]
[Result "1/2-1/2"]
[WhiteElo "2226"]
[BlackElo "2385"]
[PlyCount "70"]
[EventDate "1999.??.??"]
[Source "www.chesslib.no"]
[SourceDate "2004.05.04"]

1. Nf3 f5 2. g3 Nf6 3. Bg2 d6 4. d4 e6 5. c4 Be7 6. O-O O-O 7. Nc3 Qe8 8. Re1 Qg6 9. e4 fxe4 10. Nxe4 Nxe4 11. Rxe4 Nc6 12. Qe2 Bf6 13. Bd2 e5 14. dxe5 dxe5 15. Bc3 Bf5 16. Nh4 Bxh4 17. Rxh4 Rae8 18. Bd5+ Kh8 19. Bxc6 Qxc6 20. Bxe5 Qc5 21. Bd4 Rxe2 22. Bxc5 Rd8 23. Rd4 Rxd4 24. Bxd4 Bh3 25. Bc3 Rc2 26. Re1 Kg8 27. f4 Kf7 28. Rd1 Kg6 29. Rd2 Rxd2 30. Bxd2 Kf5 31. Kf2 Ke4 32. Bc3 g6 33. c5 c6 34. Be5 a6 35. Bc7 h5 1/2-1/2

[Event "Birmingham"]
[Site "Birmingham"]
[Date "1972.03.30"]
[Round "5"]
[White "Dunkelblum, Arthur"]
[Black "Corden, Martyn J"]
[Result "1-0"]
[WhiteElo "2250"]
[BlackElo "2360"]
[PlyCount "37"]
[EventDate "1972.03.31"]
[Source "www.chesslib.no"]
[SourceDate "2004.05.04"]

1. Nf3 f5 2. g3 Nf6 3. Bg2 d6 4. d4 e6 5. c4 Be7 6. Nc3 O-O 7. O-O Qe8 8. Re1 Qg6 9. e4 fxe4 10. Nxe4 Nxe4 11. Rxe4 Nc6 12. Nh4 Qf7 13. Nf3 e5 14. d5 Bf5 15. Re2 Nb4 16. Ne1 e4 17. Qb3 Qh5 18. f3 Nc2 19. Nxc2 1-0

[Event "06.OIBayEM Bad Wiessee op"]
[Site "?"]
[Date "2002.11.01"]
[Round "7"]
[White "Kuempers Ulrich"]
[Black "Szabo Zsolt Jozsef"]
[Result "0-1"]
[WhiteElo "2155"]
[BlackElo "2453"]
[PlyCount "50"]
[EventDate "2002.??.??"]
[Source "www.chesslib.no"]
[SourceDate "2004.05.04"]

1. d4 f5 2. Nf3 Nf6 3. g3 e6 4. Bg2 Be7 5. O-O O-O 6. c4 d6 7. Nc3 Qe8 8. b4 Ne4 9. Qc2 Nxc3 10. Qxc3 Nd7 11. Bb2 Kh8 12. c5 Nf6 13. Rac1 Bd7 14. Nd2 d5 15. f3 Bb5 16. Rfe1 a5 17. bxa5 c6 18. e4 fxe4 19. fxe4 Qh5 20. exd5 Nxd5 21. Bxd5 cxd5 22. g4 Qxg4+ 23. Qg3 Qxg3+ 24. hxg3 Rxa5 25. a3 Bg5 0-1

[Event "CZE Team Ch"]
[Site "Czech Republic"]
[Date "1994.??.??"]
[Round "?"]
[White "Frolik, Martin"]
[Black "Polasek, Jaroslav"]
[Result "1/2-1/2"]
[WhiteElo "2275"]
[BlackElo "2330"]
[PlyCount "26"]
[EventDate "1994.??.??"]
[Source "www.chesslib.no"]
[SourceDate "2004.05.04"]

1. d4 f5 2. Nf3 Nf6 3. g3 e6 4. Bg2 Be7 5. O-O O-O 6. c4 d6 7. Nc3 Qe8 8. Re1 Qg6 9. e3 Nbd7 10. b3 Ne4 11. Bb2 Ndf6 12. Nd2 Bd7 13. f3 Nxc3 1/2-1/2

[Event "HUN-chT2 9798"]
[Site "HUN"]
[Date "1998.??.??"]
[Round "?"]
[White "Szuhanek, Ranko"]
[Black "Gara, Gyorgy"]
[Result "1-0"]
[WhiteElo "2395"]
[BlackElo "2210"]
[PlyCount "113"]
[EventDate "1997.??.??"]
[Source "www.chesslib.no"]
[SourceDate "2004.05.04"]

1. Nf3 e6 2. c4 f5 3. g3 Nf6 4. Bg2 d6 5. O-O Be7 6. Nc3 O-O 7. d4 Qe8 8. Re1 Qg6 9. e4 fxe4 10. Nxe4 Nxe4 11. Rxe4 Nc6 12. Qe2 Bf6 13. d5 Ne5 14. Nxe5 Bxe5 15. Be3 exd5 16. cxd5 Bf5 17. Rb4 b6 18. Rc1 a5 19. Ra4 Bd7 20. Rh4 Ra7 21. Be4 Bf5 22. Bxf5 Qxf5 23. Rhc4 Rf7 24. b3 h6 25. Qg4 Qxg4 26. Rxg4 Kf8 27. Re4 Ra8 28. Rec4 Ra7 29. Ra4 Rb7 30. g4 Re7 31. Kg2 Bb2 32. Rc2 Bf6 33. Rac4 Ke8 34. Kf3 Kd7 35. Re4 Re5 36. Rxe5 Bxe5 37. h4 Rb8 38. Kg2 Rc8 39. Rc4 Bf6 40. g5 hxg5 41. hxg5 Be5 42. f4 Bb2 43. Kf3 Rh8 44. Rc2 Ba1 45. Kg4 Re8 46. Bf2 Re7 47. Rc1 Bb2 48. Re1 Rxe1 49. Bxe1 g6 50. f5 gxf5+ 51. Kxf5 c6 52. dxc6+ Kxc6 53. g6 Kb5 54. Bg3 a4 55. Bxd6 axb3 56. axb3 Bg7 57. Ke6 1-0

[Event "Russia-chB (Women)"]
[Site "Kolontaevo"]
[Date "1998.??.??"]
[Round "?"]
[White "Trofimova, Olga"]
[Black "Struchkova, Svetlana"]
[Result "1/2-1/2"]
[WhiteElo "2305"]
[BlackElo "2295"]
[PlyCount "116"]
[EventDate "1998.??.??"]
[Source "www.chesslib.no"]
[SourceDate "2004.05.04"]

1. c4 f5 2. Nf3 Nf6 3. g3 e6 4. Bg2 Be7 5. O-O O-O 6. Nc3 d6 7. d4 Qe8 8. Re1 Ne4 9. Qc2 Qg6 10. Bf4 Nc6 11. Rac1 Bf6 12. Nxe4 fxe4 13. Nd2 Bxd4 14. Bxe4 Qh5 15. Bf3 Qf7 16. Ne4 h6 17. Qd2 e5 18. Be3 Be6 19. b3 Rad8 20. Nc3 a6 21. Bg2 Bxe3 22. Qxe3 Nd4 23. Rf1 c6 24. Rcd1 Qe7 25. Qd2 Bc8 26. Qd3 Bf5 27. e4 Bg4 28. f3 Bh5 29. Rd2 Ne6 30. Qe3 Qg5 31. Qxg5 Nxg5 32. g4 Bg6 33. Ne2 Rd7 34. c5 d5 35. exd5 cxd5 36. f4 Ne4 37. Bxe4 Bxe4 38. Nc3 Rdf7 39. f5 g6 40. Nxe4 dxe4 41. Rd5 gxf5 42. Rxe5 fxg4 43. Rxf7 Kxf7 44. Rxe4 Rd8 45. Rxg4 Rd1+ 46. Kg2 Rd2+ 47. Kg3 Rxa2 48. Rb4 Ke6 49. Rxb7 Kd5 50. b4 a5 51. Rd7+ Kc4 52. c6 Kb5 53. c7 Rc2 54. bxa5 Kxa5 55. Kg4 Kb6 56. h4 Rc5 57. Rh7 Kb7 58. Rxh6 Kxc7 1/2-1/2

[Event "Cheliabinsk-B"]
[Site "Cheliabinsk"]
[Date "1990.??.??"]
[Round "?"]
[White "Enhbat, Tegshsuren"]
[Black "Magomedov, Magaram"]
[Result "0-1"]
[WhiteElo "2200"]
[BlackElo "2395"]
[PlyCount "38"]
[EventDate "1990.??.??"]
[Source "www.chesslib.no"]
[SourceDate "2004.05.04"]

1. d4 f5 2. Nf3 Nf6 3. g3 e6 4. Bg2 Be7 5. O-O O-O 6. c4 d6 7. Nc3 Qe8 8. Re1 Qg6 9. Qc2 Ne4 10. Be3 Nxc3 11. bxc3 Nc6 12. d5 Ne5 13. Nxe5 dxe5 14. Rab1 Kh8 15. d6 Bxd6 16. Bxb7 Bxb7 17. Rxb7 e4 18. f4 exf3 19. exf3 Bxg3 0-1

[Event "Buenos Aires Konex"]
[Site "Buenos Aires"]
[Date "1991.??.??"]
[Round "6"]
[White "Silva, Sebastain"]
[Black "Langier, Daniel"]
[Result "0-1"]
[WhiteElo "2355"]
[BlackElo "2240"]
[PlyCount "38"]
[EventDate "1991.03.??"]
[Source "www.chesslib.no"]
[SourceDate "2004.05.04"]

1. d4 f5 2. g3 e6 3. Bg2 Nf6 4. Nf3 Be7 5. O-O O-O 6. c4 d6 7. Nc3 Qe8 8. Qd3 Qh5 9. Bg5 Nc6 10. a3 e5 11. dxe5 dxe5 12. Bxf6 Bxf6 13. e4 f4 14. Qd5+ Kh8 15. gxf4 Bh3 16. Bxh3 Qxh3 17. Ne1 Rad8 18. Qb5 exf4 19. Nd5 Nd4 0-1

[Event "AUT Team Ch"]
[Site "Austria"]
[Date "1991.??.??"]
[Round "?"]
[White "Pils, Walter"]
[Black "Brandl, Rudolf"]
[Result "0-1"]
[WhiteElo "2355"]
[BlackElo "2240"]
[PlyCount "84"]
[EventDate "1991.??.??"]
[Source "www.chesslib.no"]
[SourceDate "2004.05.04"]

1. Nf3 e6 2. g3 f5 3. Bg2 Nf6 4. O-O Be7 5. c4 O-O 6. Nc3 d6 7. d4 Qe8 8. Qd3 Nc6 9. e4 Nb4 10. Qe2 fxe4 11. Nxe4 Nxe4 12. Qxe4 e5 13. Bd2 Bf5 14. Qxb7 Rb8 15. Qxc7 Nc2 16. Bc3 Nxa1 17. Rxa1 Be4 18. Nd2 Bxg2 19. Kxg2 exd4 20. Bxd4 Bf6 21. Bxf6 Rxf6 22. b3 Rf7 23. Qa5 Qe2 24. Rf1 Rbf8 25. Qd5 Kh8 26. Qd4 a5 27. a4 Qe6 28. f3 Rf5 29. Rf2 d5 30. cxd5 Rxd5 31. Qc4 Rc8 32. Qf1 Qe3 33. Qa6 Rcd8 34. Ne4 Qxb3 35. Qc6 Qe3 36. h4 Rd1 37. Kh3 Rf8 38. Qc2 Rh1+ 39. Kg4 h5+ 40. Kxh5 Qh6+ 41. Kg4 Qe6+ 42. Kh5 Qf7+ 0-1

[Event "Polanica Zdroj Open"]
[Site "Polanica Zdroj POL"]
[Date "1994.??.??"]
[Round "?"]
[White "Puchala, Jozef"]
[Black "Vager, Boris"]
[Result "1/2-1/2"]
[WhiteElo "2300"]
[BlackElo "2290"]
[PlyCount "105"]
[EventDate "1994.??.??"]
[Source "www.chesslib.no"]
[SourceDate "2004.05.04"]

1. d4 e6 2. c4 f5 3. Nc3 Nf6 4. g3 Be7 5. Bg2 O-O 6. Nf3 d6 7. O-O Qe8 8. d5 e5 9. Nd2 Qh5 10. e4 Qg6 11. exf5 Bxf5 12. f3 Nbd7 13. Nde4 Nxe4 14. Nxe4 Nf6 15. Nf2 h5 16. Be3 a5 17. Qd2 b6 18. Rae1 Rae8 19. Bh3 Bd8 20. Bg5 Bxh3 21. Nxh3 Nd7 22. Be3 Rf7 23. a3 Ref8 24. Kg2 h4 25. b4 axb4 26. axb4 hxg3 27. hxg3 Rf5 28. Qd3 Bh4 29. Bf2 Bd8 30. g4 R5f6 31. Qxg6 Rxg6 32. Bg3 Nf6 33. Nf2 b5 34. Ne4 bxc4 35. Nxf6+ gxf6 36. Re4 c3 37. Rc1 f5 38. gxf5 Rxf5 39. Rg4 Rfg5 40. Kh3 e4 41. Rxg5 Bxg5 42. Rxc3 exf3 43. Rxf3 Bd2 44. b5 Rg5 45. Rd3 Bb4 46. Bf4 Rg1 47. Rg3+ Rxg3+ 48. Kxg3 Kf7 49. Kf3 Bc5 50. Ke4 Ke7 51. Bg3 Kd7 52. Kd3 Kc8 53. Kc4 1/2-1/2

[Event "BCF Ch"]
[Site "Portsmouth"]
[Date "1976.08.10"]
[Round "3"]
[White "Goodman, David S C"]
[Black "Bellin, Robert"]
[Result "1/2-1/2"]
[WhiteElo "2230"]
[BlackElo "2360"]
[PlyCount "112"]
[EventDate "1976.08.09"]
[Source "www.chesslib.no"]
[SourceDate "2004.05.04"]

1. d4 f5 2. Nf3 Nf6 3. g3 e6 4. Bg2 Bb4+ 5. c3 Be7 6. O-O O-O 7. c4 d6 8. Nc3 Qe8 9. e3 c6 10. Ne2 Bd8 11. b3 e5 12. dxe5 dxe5 13. Ba3 Be7 14. Bb2 e4 15. Nfd4 Na6 16. Nf4 Qf7 17. h4 Bd7 18. Qe2 Rad8 19. Rad1 Ng4 20. f3 exf3 21. Bxf3 Nf6 22. Qc2 g6 23. a3 Nc7 24. e4 c5 25. e5 cxd4 26. exf6 Bc5 27. Bxd4 Bxd4+ 28. Rxd4 Qxf6 29. Rfd1 Bc6 30. Rxd8 Rxd8 31. Bxc6 bxc6 32. Rxd8+ Qxd8 33. Qd3 Qe7 34. b4 Ne8 35. Qe2 Qd8 36. c5 Qd4+ 37. Kg2 Qd8 38. Qe6+ Kg7 39. Qxc6 Qd2+ 40. Kh3 Nf6 41. Qc7+ Kf8 42. Qb8+ Ne8 43. Qxa7 Qe1 44. Qb7 Nf6 45. Qc8+ Kf7 46. Qc7+ Kf8 47. Qd6+ Kf7 48. Qc7+ Kf8 49. Qb8+ Kf7 50. Qb7+ Kf8 51. Qf3 Ne4 52. c6 Ke8 53. b5 g5 54. Qh5+ Kd8 55. c7+ Kxc7 56. Qxh7+ Kb8 1/2-1/2

[Event "TCh-YUG Women's Cup, Herceg Novi YUG"]
[Site "?"]
[Date "2001.??.??"]
[Round "3"]
[White "Prudnikova, S."]
[Black "Ujhazi, D."]
[Result "1-0"]
[WhiteElo "2405"]
[BlackElo "2180"]
[PlyCount "72"]
[EventDate "2001.??.??"]
[Source "www.chesslib.no"]
[SourceDate "2004.05.04"]

1. d4 f5 2. g3 Nf6 3. Bg2 e6 4. c4 Be7 5. Nc3 O-O 6. Nf3 d6 7. O-O Qe8 8. Re1 Qg6 9. e4 fxe4 10. Nxe4 Nxe4 11. Rxe4 Nc6 12. Qe2 Bf6 13. g4 d5 14. Rf4 Nxd4 15. Nxd4 e5 16. Bxd5+ Kh8 17. Be4 Qf7 18. Rxf6 Qxf6 19. Nf5 Bxf5 20. Bxf5 Rad8 21. Be3 Qc6 22. f3 Rd6 23. Re1 b6 24. Bf2 Qa4 25. b3 Qa5 26. Qxe5 Qd2 27. Qe7 Rdd8 28. Qh4 h6 29. Qh5 Rd6 30. Qe8 Rdf6 31. Qe2 Qg5 32. Bg3 Rxf5 33. gxf5 Rxf5 34. Rd1 h5 35. Qe8+ Kh7 36. Qe4 Kh6 1-0

[Event "BL2-S 9596"]
[Site "GER"]
[Date "1996.??.??"]
[Round "?"]
[White "Gabriel, Robert"]
[Black "Fischer, Sebastian"]
[Result "1/2-1/2"]
[WhiteElo "2270"]
[BlackElo "2300"]
[PlyCount "88"]
[EventDate "1995.10.??"]
[Source "www.chesslib.no"]
[SourceDate "2004.05.04"]

1. d4 f5 2. Nf3 Nf6 3. g3 e6 4. Bg2 Be7 5. O-O O-O 6. c4 d6 7. Nc3 Qe8 8. Re1 Ne4 9. Qc2 Qg6 10. Nd2 Nxc3 11. Qxc3 Bf6 12. e4 c5 13. exf5 exf5 14. Qb3 Nc6 15. Bxc6 bxc6 16. dxc5 dxc5 17. Nf3 Bd4 18. Nxd4 cxd4 19. c5+ Kh8 20. Bf4 Re8 21. Rxe8+ Qxe8 22. Qb4 d3 23. Re1 Qf7 24. Qa4 Bd7 25. Qa6 Re8 26. Rxe8+ Bxe8 27. Qxd3 Qxa2 28. Qxf5 Qf7 29. Qe4 Qd7 30. Be5 Bf7 31. Bd4 Qe6 32. Qf4 Qe1+ 33. Kg2 Bd5+ 34. f3 Qe2+ 35. Kh3 Qxf3 36. Qb8+ Bg8 37. Qe5 Qf7 38. g4 h6 39. Kg3 Kh7 40. h4 Kh8 41. g5 h5 42. Bc3 Qd7 43. Kh2 Qf7 44. Bd4 Qg6 1/2-1/2

[Event "Oberliga Bayern9697"]
[Site "Bayern"]
[Date "1997.??.??"]
[Round "?"]
[White "Pohl Kuemmel, Jens Uwe"]
[Black "Bocksberger, Stefan"]
[Result "1/2-1/2"]
[WhiteElo "2260"]
[BlackElo "2305"]
[PlyCount "81"]
[EventDate "1996.10.??"]
[Source "www.chesslib.no"]
[SourceDate "2004.05.04"]

1. d4 f5 2. g3 Nf6 3. Bg2 e6 4. c4 Be7 5. Nf3 O-O 6. O-O d6 7. Nc3 Qe8 8. b4 c6 9. Rb1 Qh5 10. e3 Ne4 11. Bb2 d5 12. c5 Bd7 13. Ne5 Qxd1 14. Rfxd1 Bf6 15. f3 Nxc3 16. Bxc3 Be8 17. a4 a6 18. Bf1 Nd7 19. Ra1 Nxe5 20. dxe5 Be7 21. Bd4 Bh5 22. Kf2 Rfc8 23. Rdc1 Be8 24. Bd3 g5 25. h3 Kg7 26. Rh1 Bg6 27. f4 h5 28. Rhg1 Rh8 29. Ke2 Rag8 30. fxg5 Bxg5 31. h4 Be7 32. b5 axb5 33. axb5 Ra8 34. Rgb1 Rhb8 35. Kf3 Be8 36. b6 Rxa1 37. Rxa1 Bg6 38. Ra7 Kf8 39. Bc2 Bf7 40. Ba4 Be8 41. Bd1 1/2-1/2

[Event "Donner Memorial Open"]
[Site "Amsterdam NED"]
[Date "1995.??.??"]
[Round "1"]
[White "Berkovich, Mark A"]
[Black "Monte, Peter"]
[Result "1-0"]
[WhiteElo "2420"]
[BlackElo "2140"]
[PlyCount "49"]
[EventDate "1995.08.??"]
[Source "www.chesslib.no"]
[SourceDate "2004.05.04"]

1. g3 e6 2. Bg2 f5 3. c4 Nf6 4. Nf3 d6 5. O-O Be7 6. d4 O-O 7. Nc3 Qe8 8. Re1 Ne4 9. Qc2 Qg6 10. Be3 Nxc3 11. Qxc3 Nc6 12. d5 Nd8 13. dxe6 Nxe6 14. Nd4 Bf6 15. Qd2 f4 16. Nxe6 Bxe6 17. Bxf4 c6 18. Bxd6 Rad8 19. c5 Rf7 20. e4 Qh5 21. e5 Be7 22. Qe2 Bg4 23. f3 Bxd6 24. cxd6 Be6 25. f4 1-0

[Event "BCF Ch"]
[Site "Portsmouth"]
[Date "1976.08.10"]
[Round "2"]
[White "Ludgate, Alan T"]
[Black "Rumens, David E"]
[Result "0-1"]
[WhiteElo "2255"]
[BlackElo "2300"]
[PlyCount "92"]
[EventDate "1976.08.09"]
[Source "www.chesslib.no"]
[SourceDate "2004.05.04"]

1. c4 f5 2. d4 e6 3. g3 Nf6 4. Bg2 Be7 5. Nf3 O-O 6. O-O Qe8 7. Nc3 d6 8. Ne1 e5 9. dxe5 dxe5 10. Nd5 Bd8 11. Bg5 Nbd7 12. Nc2 Qh5 13. Bd2 c6 14. Nxf6+ Nxf6 15. Bb4 Re8 16. e3 Qh6 17. Qe2 Be6 18. b3 Bf7 19. Rad1 Bc7 20. Rd2 a5 21. Ba3 Re6 22. Rfd1 Rae8 23. Bb2 Bb6 24. a3 Ne4 25. Rd3 Nc5 26. Rc3 f4 27. e4 Rf6 28. Bc1 Ne6 29. b4 axb4 30. axb4 Nd4 31. Nxd4 Bxd4 32. Rc2 Bh5 33. g4 Bg6 34. Qf3 Qg5 35. Bb2 Rd6 36. Rcd2 Red8 37. Rd3 b6 38. c5 bxc5 39. bxc5 R6d7 40. Bf1 h5 41. h3 Bf7 42. Be2 Be6 43. Ba3 hxg4 44. hxg4 Bc4 45. R3d2 Bxe2 46. Qxe2 f3 0-1

[Event "Voronezh op-A"]
[Site "Voronezh"]
[Date "2000.??.??"]
[Round "3"]
[White "Kopjonkin, Gennady"]
[Black "Kan, Igor"]
[Result "1/2-1/2"]
[WhiteElo "2353"]
[BlackElo "2196"]
[PlyCount "55"]
[EventDate "2000.06.??"]
[Source "www.chesslib.no"]
[SourceDate "2004.05.04"]

1. Nf3 f5 2. g3 Nf6 3. Bg2 d6 4. d4 e6 5. c4 Be7 6. Nc3 O-O 7. O-O Qe8 8. Qd3 Nc6 9. e4 fxe4 10. Nxe4 Qh5 11. Nxf6+ Bxf6 12. Bd2 e5 13. dxe5 Nxe5 14. Nxe5 Bxe5 15. Bc3 Bxc3 16. Qxc3 c6 17. Rad1 Rf6 18. Rd4 a5 19. Qd2 Qc5 20. Rd1 Bf5 21. b3 Rd8 22. Rf4 Rdf8 23. h4 h6 24. Re1 Re6 25. Rxe6 Bxe6 26. Rd4 Rf6 27. Qe3 Bf7 28. Qd2 1/2-1/2

[Event "BCF Ch"]
[Site "Ayr SCO"]
[Date "1978.08.07"]
[Round "1"]
[White "Hempson, Peter W"]
[Black "Rumens, David E"]
[Result "1-0"]
[WhiteElo "2235"]
[BlackElo "2310"]
[PlyCount "91"]
[EventDate "1978.08.07"]
[Source "www.chesslib.no"]
[SourceDate "2004.05.04"]

1. c4 f5 2. g3 Nf6 3. Bg2 e6 4. Nf3 Be7 5. O-O O-O 6. d4 d6 7. Nc3 Qe8 8. Re1 Qg6 9. e4 Nxe4 10. Nxe4 fxe4 11. Rxe4 Nc6 12. Re2 Qh5 13. Qd3 Bf6 14. Be3 e5 15. dxe5 dxe5 16. Rd2 Be6 17. Rc1 Rad8 18. Qf1 Bg4 19. Rxd8 Rxd8 20. Nd2 Be2 21. Qe1 Nb4 22. Bf1 Bxf1 23. Qxf1 Nxa2 24. Ra1 Nb4 25. Rxa7 Nc2 26. Qg2 Qe2 27. Nf1 Rd1 28. Bc5 Ne1 29. Qxb7 e4 30. Qc8+ Rd8 31. Qf5 Nf3+ 32. Kg2 Ne1+ 33. Kg1 Bd4 34. Bxd4 Nf3+ 35. Kg2 Nxd4 36. Qf4 Rf8 37. Qe3 Qxb2 38. Qd2 Qb6 39. Ra2 Kh8 40. Ne3 Nf3 41. Qd5 Qh6 42. h4 g5 43. Nf5 Qf6 44. Ra8 gxh4 45. Qxe4 Ng5 46. Qe5 1-0

[Event "European Club Cup 2002"]
[Site "?"]
[Date "2002.09.27"]
[Round "6.99"]
[White "Filipek Jakub"]
[Black "Spice Alan P"]
[Result "1-0"]
[WhiteElo "2373"]
[BlackElo "2171"]
[PlyCount "97"]
[EventDate "2002.??.??"]
[Source "www.chesslib.no"]
[SourceDate "2004.05.04"]

1. d4 e6 2. c4 f5 3. g3 Nf6 4. Bg2 Be7 5. Nf3 d6 6. O-O O-O 7. Nc3 Qe8 8. Re1 Ne4 9. Qc2 Qg6 10. Be3 Nxc3 11. bxc3 Bf6 12. Bf4 Re8 13. e4 e5 14. dxe5 dxe5 15. Be3 f4 16. Bc5 Nd7 17. Ba3 Nf8 18. Rab1 Ne6 19. c5 Kh8 20. Red1 Qh5 21. c6 b6 22. Qa4 g5 23. Rd7 g4 24. Ne1 a6 25. Rbd1 f3 26. Bf1 b5 27. Qb3 Qg6 28. Qd5 Ng5 29. Bd3 Bxd7 30. cxd7 Red8 31. Bc2 Nh3+ 32. Kf1 Qg8 33. Qxg8+ Kxg8 34. Bb3+ Kg7 35. Be6 h5 36. Nxf3 a5 37. Bc5 Ra6 38. Bf5 Rc6 39. Rd5 b4 40. cxb4 gxf3 41. Bxh3 axb4 42. Bf5 b3 43. axb3 Ra8 44. Ke1 Bg5 45. b4 Ra1+ 46. Rd1 Rca6 47. Be3 Bxe3 48. d8=Q Rxd1+ 49. Kxd1 1-0

[Event "Najdorf mem op"]
[Site "Buenos Aires"]
[Date "1999.??.??"]
[Round "7"]
[White "Nedilsky, Diego"]
[Black "Bibiloni, Jorge Jaime"]
[Result "1-0"]
[WhiteElo "2321"]
[BlackElo "2218"]
[PlyCount "105"]
[EventDate "1999.09.21"]
[Source "www.chesslib.no"]
[SourceDate "2004.05.04"]

1. g3 f5 2. d4 Nf6 3. Bg2 e6 4. Nf3 Be7 5. O-O O-O 6. c4 d6 7. Nc3 Qe8 8. Re1 Qh5 9. e4 fxe4 10. Nxe4 Nxe4 11. Rxe4 Nc6 12. d5 Ne5 13. Bf4 Ng6 14. dxe6 Nxf4 15. gxf4 Rf6 16. Nd4 Qh6 17. f5 c5 18. Nb5 Rxf5 19. Nxd6 Rg5 20. Nf7 Rxg2+ 21. Kxg2 Qg6+ 22. Qg4 Qxg4+ 23. Rxg4 Bxe6 24. Nh6+ Kf8 25. Rf4+ Bf6 26. Re1 Bd7 27. b3 Rd8 28. Ng4 Bxg4 29. Rxg4 Rd2 30. a4 h6 31. Rge4 Kf7 32. R1e2 Rd6 33. Re8 a5 34. Rb8 b6 35. Rb7+ Kg6 36. Re8 Kf5 37. Reb8 Rd2 38. Rxb6 Bd4 39. Rf8+ Ke4 40. Rf3 Ke5 41. Ra6 h5 42. Rg6 h4 43. Rxg7 h3+ 44. Kxh3 Bxf2 45. Rg2 Ke4 46. Rgxf2 Rd6 47. Rf4+ Ke3 48. R2f3+ Ke2 49. Kg2 Rh6 50. Rg3 Ke1 51. Rf2 Re6 52. Ra2 Rf6 53. Kh1 1-0

[Event "4 Open"]
[Site "?"]
[Date "2003.06.30"]
[Round "1"]
[White "Ivanov Mikhail M"]
[Black "Solinas Carlo"]
[Result "1-0"]
[WhiteElo "2446"]
[BlackElo "2089"]
[PlyCount "61"]
[EventDate "2003.??.??"]
[Source "www.chesslib.no"]
[SourceDate "2004.05.04"]

1. Nf3 f5 2. g3 Nf6 3. Bg2 e6 4. O-O Be7 5. d4 O-O 6. c4 d6 7. Nc3 Qe8 8. Re1 Qg6 9. e4 Nxe4 10. Nxe4 fxe4 11. Rxe4 Nc6 12. Qe2 Bf6 13. d5 Ne5 14. Nh4 Bxh4 15. Rxh4 exd5 16. Bxd5+ Kh8 17. h3 Bf5 18. b3 Rae8 19. Be3 c6 20. Bg2 Bd3 21. Qd2 Qe6 22. Rd1 Rf6 23. Rd4 Bg6 24. Rxd6 Qf5 25. Rxf6 Qxf6 26. Qd6 Nf3+ 27. Kh1 Qxd6 28. Rxd6 Ne1 29. Rd7 Bf5 30. Rxb7 c5 31. Rxa7 1-0

[Event "BLR-ch (Women)"]
[Site "?"]
[Date "2002.05.07"]
[Round "5"]
[White "Romanova Inna"]
[Black "Lagvilava Genrieta"]
[Result "1/2-1/2"]
[WhiteElo "2244"]
[BlackElo "2284"]
[PlyCount "45"]
[EventDate "2002.??.??"]
[Source "www.chesslib.no"]
[SourceDate "2004.05.04"]

1. d4 e6 2. c4 f5 3. g3 Nf6 4. Bg2 Be7 5. Nf3 O-O 6. O-O d6 7. Nc3 Qe8 8. Re1 Qg6 9. b4 Ne4 10. Bb2 Nd7 11. Qd3 a5 12. b5 c5 13. e3 Rb8 14. Nd2 Nxd2 15. Qxd2 b6 16. f4 Bb7 17. Bc6 Nf6 18. Qg2 Ne4 19. d5 Nxc3 20. Bxc3 Bf6 21. Bxf6 Qxf6 22. Rad1 e5 23. Qb2 1/2-1/2

[Event "Oberliga Sued W9596"]
[Site "Germany"]
[Date "1996.??.??"]
[Round "?"]
[White "Busch, Raimund"]
[Black "Sandmeier, Toni"]
[Result "0-1"]
[WhiteElo "2300"]
[BlackElo "2225"]
[PlyCount "86"]
[EventDate "1995.??.??"]
[Source "www.chesslib.no"]
[SourceDate "2004.05.04"]

1. Nf3 f5 2. g3 Nf6 3. Bg2 e6 4. O-O Be7 5. c4 O-O 6. d4 d6 7. Nc3 Qe8 8. Re1 Qh5 9. e4 fxe4 10. Nxe4 e5 11. dxe5 dxe5 12. Nxf6+ gxf6 13. Be3 Nc6 14. Nd2 Qg6 15. Qb3 f5 16. Bd5+ Kg7 17. f4 e4 18. Re2 h5 19. a3 Bf6 20. Bxc6 bxc6 21. Nf1 Rd8 22. Rd2 Be6 23. Rxd8 Rxd8 24. Bxa7 Qf7 25. Rc1 Rd3 26. Qc2 Qd7 27. Be3 Qd6 28. Qf2 Rd1 29. Rc2 Qd3 30. Qe2 Qxe2 31. Rxe2 Bxc4 32. Rf2 h4 33. b3 Bd3 34. gxh4 Bxh4 35. Rd2 Rxf1+ 36. Kg2 Rb1 37. Kh3 Be1 38. Rg2+ Kh6 39. Rg1 Bc3 40. Rxb1 Bxb1 41. Bc5 Bd3 42. Kg2 Bd2 43. Kf2 Bxf4 0-1

[Event "Winter Open"]
[Site "Belgrade SRB"]
[Date "2008.01.22"]
[Round "1"]
[White "Skare, G."]
[Black "Jovanovic, Alek SRB"]
[Result "1/2-1/2"]
[WhiteElo "2315"]
[BlackElo "2201"]
[PlyCount "119"]
[EventDate "2008.01.22"]
[Source "www.chesslib.no"]
[SourceDate "2004.05.04"]

1. d4 f5 2. Nf3 e6 3. g3 Nf6 4. Bg2 Be7 5. O-O O-O 6. c4 d6 7. Nc3 Qe8 8. Re1 Nc6 9. e4 fxe4 10. Nxe4 e5 11. d5 Nd8 12. Nc3 Bg4 13. Qb3 Nd7 14. Ne4 Qg6 15. Nfd2 b6 16. Qe3 Nb7 17. b3 Rf7 18. Bb2 Nbc5 19. f3 Bf5 20. b4 Nxe4 21. Nxe4 Bxe4 22. Qxe4 Qh6 23. Re2 a5 24. a3 axb4 25. axb4 Rxa1+ 26. Bxa1 Qc1+ 27. Re1 Qd2 28. Rb1 g6 29. Bh3 Nf6 30. Qe1 Qxe1+ 31. Rxe1 Rf8 32. Bb2 Ra8 33. Ra1 Rxa1+ 34. Bxa1 Kf8 35. Be6 Nh5 36. Bc3 Bg5 37. Kf2 Ng7 38. Bc8 Kf7 39. g4 Bf4 40. h3 Ne8 41. Ke2 Nf6 42. Kd3 Ke7 43. Be6 h6 44. Be1 Nh7 45. h4 Nf8 46. Bc8 Kd8 47. Ba6 Nh7 48. Bb5 Nf6 49. Ba4 Ke7 50. Ke2 Kf8 51. Bf2 Bc1 52. Bc2 Kg7 53. Be4 h5 54. g5 Nxe4 55. fxe4 Kf7 56. Kd3 Ke7 57. Kc2 Bf4 58. Kb3 Kd7 59. Ka4 Bd2 60. Kb5 1/2-1/2

[Event "Kochan Mem Open, Koszalin POL"]
[Site "?"]
[Date "2001.??.??"]
[Round "9"]
[White "Polishchuk, O."]
[Black "Vager, B."]
[Result "1-0"]
[WhiteElo "2250"]
[BlackElo "2260"]
[PlyCount "79"]
[EventDate "2001.??.??"]
[Source "www.chesslib.no"]
[SourceDate "2004.05.04"]

1. d4 e6 2. c4 f5 3. Nc3 Nf6 4. g3 Be7 5. Bg2 O-O 6. Nf3 d6 7. O-O Qe8 8. b4 a5 9. b5 Nbd7 10. a4 Qh5 11. Nd2 Rb8 12. Nb3 b6 13. e3 Qg6 14. Qc2 Bb7 15. Bxb7 Rxb7 16. Ba3 Ra7 17. c5 Ne8 18. Ne2 Qh6 19. Nf4 g5 20. Nd3 Ndf6 21. f3 g4 22. f4 Ne4 23. Nf2 Nxf2 24. Rxf2 Nf6 25. Nd2 Qg7 26. Rc1 Raa8 27. e4 fxe4 28. Nxe4 Nd5 29. Qd2 dxc5 30. dxc5 Rad8 31. Bb2 Qg6 32. Qe2 Nb4 33. cxb6 cxb6 34. Rc7 Nd5 35. Rc6 Qf7 36. Qxg4+ Qg6 37. Qxg6+ hxg6 38. Rxe6 Kf7 39. Rc6 Nb4 40. Ng5+ 1-0